Responses for Show #3518 - Wednesday, December 15, 1999

Darlene Lieblich game 4.

Contestants

[<< previous game]

Wellington Lee, a photographer from New York City, New York

Lynda Tuennerman, a housewife from Cleveland, Ohio

Darlene Lieblich, a television executive from Van Nuys, California (whose 3-day cash winnings total $21,698)

[next game >>]

Jeopardy! Round responses

FIZZ-ICS
FAMOUS BEARS
LESSER-KNOWN NAMES
FICTIONAL DETECTIVES
WORLD PRESS
(Alex: You have to identify the country of publication.)
ENDS IN AN F SOUND
    $100 7
Coke/Coca-Cola

Darlene
    $100 1
Jellystone Park

Lynda
    $100 16
(Lynda: Who is Paul Revere?)

George Washington

DarleneLynda
    $100 2
Sherlock Holmes

Lynda
    $100 20
Russia

Darlene
    $100 25
Rough

Darlene
    $200 8
Root beer

Wellington
    $200 9
"Only you can prevent forest fires"

Wellington
    $200 17
(Wellington: What is Greek?)

Hebrew

DarleneWellington
    $200 3
(Darlene: What is San Francisco?)
(Lynda: What is New York?)

Los Angeles

DarleneLynda
Triple Stumper
    $200 21
Canada

Wellington
    $200 27
Laugh

Darlene
    $300 13
Tonic water

Lynda
    $300 10
Big Blue House

Triple Stumper
    $300 18
Pope John Paul I

Darlene
    $300 4
Nero Wolfe

Darlene
    $300 22
France

Wellington
    $500 28
Epitaph

Darlene
    $400 14
Mountain Dew

Lynda
    $400 11
Fozzie Bear

Wellington
    $400 19
William Henry & Benjamin Harrison

Lynda
    $400 5
Dashiell Hammett

Darlene
    $400 23
Greece

Wellington
    $400 29
Nymph

Wellington
    $500 15
Mr. Pibb

Lynda
    $500 12
Dancing Bear

Triple Stumper
    $500 26
Kim Philby

Triple Stumper
    $500 6
Hercule Poirot

Lynda
    $500 24
(Darlene: What is Germany?)

Ireland

Darlene
Triple Stumper
    $500 30
Cardiff

Wellington

Scores at the first commercial break (after clue 16):

Darlene Lynda Wellington
$700 $1,600 $800

Scores at the end of the Jeopardy! Round:

Darlene Lynda Wellington
$1,600 $2,000 $2,400

Double Jeopardy! Round responses

PHYSICS
(Alex: A different kind of physics.)
TV TIME TRAVEL
THE PLOT THICKENS
THEY WENT TO SCHOOL BACK EAST
(Alex: You have to name the college.)
GLOBIN'
C'EST LA "V"
    $200 7
Poles

Darlene
    $200 2
Sherman

Darlene
    $200 12
Fidel Castro

Wellington
    $200 21
(Darlene: What is Harvard?)
(Lynda: What is Yale?)

Princeton

DarleneLyndaWellington
    $200 27
Mount Everest

Wellington
    $200 1
Vocation

Lynda
    $400 13
(Lynda: What is gravity?)

light

LyndaWellington
    $400 3
(Lynda: What is The Time Tunnel?)

Quantum Leap

Lynda
Triple Stumper
    $400 17
Adolf Hitler

Darlene
    $1,000 22
(Wellington: What is Columbia?)

Vassar

Wellington
    $400 28
(Wellington: What is New Guinea?)

Papua New Guinea

LyndaWellington
    $400 5
Vagrant/vagabond

Darlene
    $600 14
Ion

Darlene
    $600 4
Seven Days

Triple Stumper
    $600 18
Earl of Essex

Triple Stumper
    $600 23
Wellesley

Triple Stumper
    $600 30
Canada

Triple Stumper
    $600 6
Vicar

Wellington
    $800 15
Electrolyte

Triple Stumper
    $800 10
Star Trek

Darlene
    $800 19
Charles II

Triple Stumper
    $800 24
(Alex: Minute to go.)

Harvard Law School

Triple Stumper
    $800 29
Punjab

Triple Stumper
    $800 8
Vermicelli

Lynda
    $1000 16
Photoelectric effect

Triple Stumper
    $1000 11
The Time Tunnel

Darlene
    $1,000 20
Caligula

Darlene
    $1000 26
MIT (Massachusetts Institute of Technology)

Triple Stumper
    $1000 25
Mongolia

Triple Stumper
    $1000 9
Grand Vizier

Darlene

Scores at the end of the Double Jeopardy! Round:

Darlene Lynda Wellington
$7,000 $2,400 $2,600
(lock game)

[wagering suggestions for these scores]

Final Jeopardy! Round responses

OPERA
(Alex: Some of the trumpets found in King Tut's tomb were exactly the same as the ones that Verdi had designed for his opera [*].)
LyndaWhat is Three Penny Opera
$2,399
WellingtonWhat is -- Pompei?
$2,500
DarleneWhat is Aida
$1,799
Aida

Final scores:

Darlene Lynda Wellington
$8,799 $1 $100
4-day champion: $30,497 3rd place: Sony Home Entertainment System featuring WebTV 2nd place: Princess Cruise to Bermuda

Game dynamics:

Coryat scores:

Darlene Lynda Wellington
$6,800 $2,400 $3,600
19 R
(including 2 DDs),
3 W
10 R,
5 W
13 R,
3 W
(including 1 DD)

Combined Coryat: $12,800

[game clues] [game scores] [suggest correction]

Game tape date: 1999-10-26
The J! Archive is created by fans, for fans. Scraping, republication, monetization, and malicious use prohibited; this site may use cookies and collect identifying information. See terms. The Jeopardy! game show and all elements thereof, including but not limited to copyright and trademark thereto, are the property of Jeopardy Productions, Inc. and are protected under law. This website is not affiliated with, sponsored by, or operated by Jeopardy Productions, Inc. Join the discussion at JBoard.tv.